10 Tricky Teasers: Music - Statistics

General Stats
  • This quiz has been taken 4 times
  • The average score is 6 of 10
Answer Stats
Question Answer % Correct
Indian Classical musician Ravi Shankar is best know for playing which instrument? Sitar
100%
Which of these notes is a hemidemisemiquaver?
75%
In music production, what does DAW stand for? Digital Audio Workstation
75%
Which of these is a prestigious annual music prize awarded to the 'best' studio album released by a British or Irish artist within the past year? Mercury Prize
75%
Which of these female names does NOT appear in the lyrics of Lou Bega's Mambo No. 5? Nina
75%
What is the name of a movement in Western Classical music containing three sections: exposition, development, and recapitulation? Sonata Form
75%
In Electric Six's 2002 hit Danger! High Voltage!, which of these locations is NOT mentioned in the lyrics as being on fire? Gay bar
50%
Which of these musicians is NOT in the band Muse? Nicky Wire
25%
Which of Radiohead's songs is their highest charting UK single, having reached no. 3? Paranoid Android
25%
In music theory, what comes next in this sequence of modes: Dorian, Phrygian, Lydian, __________? Mixolydian
0%
No matching quizzes found
Score Distribution
Percent of People with Each Score
Percentile by Number Answered
Your Score History
You have not taken this quiz